| 000 | 00582nam a2200193 a 4500 | ||
|---|---|---|---|
| 005 | 20210219153013.0 | ||
| 008 | 991125n 000 0 u | ||
| 035 | _aUPN01000072580 | ||
| 100 | _aBERGER, Peter | ||
| 222 | _aEDUCACION : REVISTA DEL CONSEJO NACIONAL TECNICO DE LA EDUCACION | ||
| 245 | _aDidáctica de las ciencias sociales un enfoque existencial | ||
| 300 | _a241-256 | ||
| 362 | _a1982 4a. época, vol. 8, no. 42 (oct.-dic.) | ||
| 653 | 0 | _aCIENCIAS SOCIALES | |
| 653 | 0 | _aDIDACTICA | |
| 653 | 0 | _aEXISTENCIALISMO | |
| 904 |
_aAC _b010391 |
||
| 905 | _aArticulo | ||
| 999 |
_c65995 _d65995 |
||